00586 2200229 4500001002100000005001500021035002000036245004100056100001800097250000600115300003500121260004300156082001000199084001600209020002200225650002400247990001700271990001700288990001700305990001700322990001700339INLIS00000000000013720180831110123 a0010-08180001011 aKreasi Aneka Kertas /cBagas Shinugi0 aBagas Shinugi a- aiv, 52 hlm. :bilus. ;c25 cm. aKlaten :bPT Mediantara Semesta,c2009 a745.5 a745.5 BAG k a978-979-1276-61-0 aKeterampilan Tangan a00583/P/2018 a00584/P/2018 a00585/P/2018 a00586/P/2018 a00587/P/2018